ბათუმის შოთა რუსთაველის სახელმწიფო უნივერსიტეტის ბიბლიოთეკა

ჩაი და ციტრუსები სიმდიდრის წყაროა : (ბიბ.ჩანაწერი № 63500)

000 -ლიდერი
ფიქსირებული სიგრძის საკონტროლო ველი 00841nam a22001817a 4500
003 - საკონტროლო ნომრის იდენტიფიკატორი
საკონტროლო ველი Ge_BSU
005 - ბოლო ოპერაციის თარიღი და დრო
საკონტროლო ველი 20251020154322.0
008 - ფიქსირებული სიგრძის მონაცემთა ელემენტები - ზოგადი ინფორმაცია
ფიქსირებული სიგრძის საკონტროლო ველი 251020s1971 ge ||||| |||| 00| 0 geo d
041 ## - ენის კოდი
Language code of text/sound track or separate title geo
080 ## - უნივერსალური ათობითი კლასიფიკაციის ინდექსი
Universal Decimal Classification number 633.72(479.22) ს-52
100 ## - მთავარი ჩანაწერი - პიროვნების სახელი
Personal name სიორიძე, რ.
9 (RLIN) 26074
245 ## - ცნობა სათაურის შესახებ
Title ჩაი და ციტრუსები სიმდიდრის წყაროა :
Remainder of title [ნარკვევი ქობულეთის მშრომელებზე] /
Statement of responsibility, etc რ. სიორიძე.
264 ## - წარმოების, გამოცემის, დისტრიბუციის და სხვა ცნობები
გამოცემის, წარმოების, დისტრიბუციის... ადგილი თბილისი :
გამოცემის, წარმოების, დისტრიბუციის... სახელწოდება საბჭოთა საქართველო,
გამოცემის, წარმოების, დისტრიბუციის... თარიღი 1971.
300 ## - ფიზიკური აღწერა
Extent 41 გვ. ;
Other physical details 17 სმ.
653 ## - INDEX TERM--UNCONTROLLED
Uncontrolled term მეჩაიეობა საქართველოში
653 ## - INDEX TERM--UNCONTROLLED
Uncontrolled term მეხილეობა საქართველოში
942 ## - ADDED ENTRY ELEMENTS (KOHA)
Source of classification or shelving scheme
Koha item type წიგნი
ეგზემპლარები
ჩამოწერის სტატუსი დაკარგული ეგზემპლარის სტატუსი კლასიფიკაციის წყარო ან თაროზე გაწყობის სქემა დაზიანების სტატუსი არ გაიცემა მუდმივი მდებარეობა (დაცვის ადგილი) ამჟამინდელი ადგილსამყოფელი თაროზე განთავსების ადგილი შეძენის თარიღი ღირებულება, შესყიდვის ნორმალური ფასი სრული შენახვის შიფრი შტრიხკოდი ბოლო ოპერაციის თარიღი ეგზემპლარის მიმდევრობითი ნომერი (კეტერი?) ფასის ძალაში შესვლის თარიღი ეგზემპლარის სახეობა საჯარო შენიშვნა
          ბათუმის შოთა რუსთაველის სახელმწიფო უნივერსიტეტის მთავარი ბიბლიოთეკა ბათუმის შოთა რუსთაველის სახელმწიფო უნივერსიტეტის მთავარი ბიბლიოთეკა წიგნსაცავი 2025-10-20 0.10 633.72(479.22) ს-52 72722 2025-10-20 72722 2025-10-20 წიგნი 0.10 თ.